<?xml version="1.0" encoding="UTF-8"?>
<record
    xmlns:xsi="http://www.w3.org/2001/XMLSchema-instance"
    xsi:schemaLocation="http://www.loc.gov/MARC21/slim http://www.loc.gov/standards/marcxml/schema/MARC21slim.xsd"
    xmlns="http://www.loc.gov/MARC21/slim">

  <leader>00621nam a22001577a 4500</leader>
  <controlfield tag="008">171201b        xxu||||| |||| 00| 0 eng d</controlfield>
  <datafield tag="020" ind1=" " ind2=" ">
    <subfield code="a">9966250077</subfield>
  </datafield>
  <datafield tag="050" ind1=" " ind2=" ">
    <subfield code="a">AFR HC 865 .O28 2000</subfield>
  </datafield>
  <datafield tag="100" ind1=" " ind2=" ">
    <subfield code="a">Obudho R.A.</subfield>
    <subfield code="d">2000.</subfield>
  </datafield>
  <datafield tag="245" ind1=" " ind2=" ">
    <subfield code="a">Issues in Resource Management and Development in Kenya /</subfield>
    <subfield code="b">Essays in Memory of Pro. Simeon H. Ominde /</subfield>
    <subfield code="c">Obudho R.A.</subfield>
  </datafield>
  <datafield tag="250" ind1=" " ind2=" ">
    <subfield code="a">1st ed.</subfield>
  </datafield>
  <datafield tag="260" ind1=" " ind2=" ">
    <subfield code="a">Kenya:</subfield>
    <subfield code="b">East Affrican Educational Publishers,</subfield>
    <subfield code="c">2000.</subfield>
  </datafield>
  <datafield tag="300" ind1=" " ind2=" ">
    <subfield code="a">313p. :ill.</subfield>
    <subfield code="b">includes bibliographical references and index.</subfield>
    <subfield code="c">18cm</subfield>
  </datafield>
  <datafield tag="650" ind1=" " ind2=" ">
    <subfield code="a">Economic conditions</subfield>
  </datafield>
  <datafield tag="942" ind1=" " ind2=" ">
    <subfield code="2">lcc</subfield>
    <subfield code="c">BOOKS</subfield>
    <subfield code="h">AFR HC 865 .O28 2008</subfield>
  </datafield>
  <datafield tag="999" ind1=" " ind2=" ">
    <subfield code="c">29343</subfield>
    <subfield code="d">29343</subfield>
  </datafield>
  <datafield tag="952" ind1=" " ind2=" ">
    <subfield code="0">0</subfield>
    <subfield code="1">0</subfield>
    <subfield code="2">lcc</subfield>
    <subfield code="4">0</subfield>
    <subfield code="7">0</subfield>
    <subfield code="a">MUC</subfield>
    <subfield code="b">MUC</subfield>
    <subfield code="d">2015-04-08</subfield>
    <subfield code="g">1000.00</subfield>
    <subfield code="l">0</subfield>
    <subfield code="o">HC 865 .O28 2000</subfield>
    <subfield code="p">4361</subfield>
    <subfield code="r">2019-05-29</subfield>
    <subfield code="w">2015-04-08</subfield>
    <subfield code="y">SH_L_BOOKS</subfield>
  </datafield>
  <datafield tag="952" ind1=" " ind2=" ">
    <subfield code="0">0</subfield>
    <subfield code="1">0</subfield>
    <subfield code="2">lcc</subfield>
    <subfield code="4">0</subfield>
    <subfield code="7">0</subfield>
    <subfield code="a">MUC</subfield>
    <subfield code="b">MUC</subfield>
    <subfield code="c">AFR</subfield>
    <subfield code="d">2015-10-26</subfield>
    <subfield code="l">2</subfield>
    <subfield code="o">AFR HC 865 .Z65I87 2000</subfield>
    <subfield code="p">17514</subfield>
    <subfield code="r">2017-04-07</subfield>
    <subfield code="s">2017-04-07</subfield>
    <subfield code="w">2015-10-26</subfield>
    <subfield code="y">AFRICANA</subfield>
  </datafield>
  <datafield tag="952" ind1=" " ind2=" ">
    <subfield code="0">0</subfield>
    <subfield code="1">0</subfield>
    <subfield code="2">lcc</subfield>
    <subfield code="4">0</subfield>
    <subfield code="7">0</subfield>
    <subfield code="a">MUC</subfield>
    <subfield code="b">MUC</subfield>
    <subfield code="d">2015-10-26</subfield>
    <subfield code="l">1</subfield>
    <subfield code="o">AFR HC 865 .Z65I87 2000</subfield>
    <subfield code="p">17007</subfield>
    <subfield code="r">2019-06-06</subfield>
    <subfield code="s">2015-11-04</subfield>
    <subfield code="w">2015-10-26</subfield>
    <subfield code="y">SH_L_BOOKS</subfield>
  </datafield>
  <datafield tag="952" ind1=" " ind2=" ">
    <subfield code="0">0</subfield>
    <subfield code="1">0</subfield>
    <subfield code="2">lcc</subfield>
    <subfield code="4">0</subfield>
    <subfield code="7">0</subfield>
    <subfield code="a">MUC</subfield>
    <subfield code="b">MUC</subfield>
    <subfield code="c">AFR</subfield>
    <subfield code="d">2015-10-26</subfield>
    <subfield code="l">2</subfield>
    <subfield code="o">AFR HC 865 .Z65I87 2000</subfield>
    <subfield code="p">17011</subfield>
    <subfield code="r">2017-11-02</subfield>
    <subfield code="s">2017-11-02</subfield>
    <subfield code="w">2015-10-26</subfield>
    <subfield code="y">AFRICANA</subfield>
  </datafield>
  <datafield tag="952" ind1=" " ind2=" ">
    <subfield code="0">0</subfield>
    <subfield code="1">0</subfield>
    <subfield code="2">lcc</subfield>
    <subfield code="4">0</subfield>
    <subfield code="7">0</subfield>
    <subfield code="a">MUC</subfield>
    <subfield code="b">MUC</subfield>
    <subfield code="c">SL</subfield>
    <subfield code="d">2015-10-26</subfield>
    <subfield code="l">5</subfield>
    <subfield code="o">HC 865 .Z65I87 2000</subfield>
    <subfield code="p">17515</subfield>
    <subfield code="r">2019-06-03</subfield>
    <subfield code="s">2016-10-08</subfield>
    <subfield code="w">2015-10-26</subfield>
    <subfield code="y">SH_L_BOOKS</subfield>
  </datafield>
  <datafield tag="952" ind1=" " ind2=" ">
    <subfield code="0">0</subfield>
    <subfield code="1">0</subfield>
    <subfield code="2">lcc</subfield>
    <subfield code="4">0</subfield>
    <subfield code="7">0</subfield>
    <subfield code="a">MUC</subfield>
    <subfield code="b">MUC</subfield>
    <subfield code="c">AFR</subfield>
    <subfield code="d">2017-12-01</subfield>
    <subfield code="e">Purchase (UNES)</subfield>
    <subfield code="g">1276.00</subfield>
    <subfield code="l">0</subfield>
    <subfield code="o">AFR HC 865 .O28 2000</subfield>
    <subfield code="p">37698</subfield>
    <subfield code="r">2017-12-05</subfield>
    <subfield code="w">2017-12-01</subfield>
    <subfield code="y">BOOKS</subfield>
  </datafield>
  <datafield tag="952" ind1=" " ind2=" ">
    <subfield code="0">0</subfield>
    <subfield code="1">0</subfield>
    <subfield code="2">lcc</subfield>
    <subfield code="4">0</subfield>
    <subfield code="7">0</subfield>
    <subfield code="a">MUC</subfield>
    <subfield code="b">MUC</subfield>
    <subfield code="c">GEN</subfield>
    <subfield code="d">2017-12-01</subfield>
    <subfield code="e">Purchase (UNES)</subfield>
    <subfield code="g">1276.00</subfield>
    <subfield code="l">0</subfield>
    <subfield code="o">AFR HC 865 .O28 2000</subfield>
    <subfield code="p">37699</subfield>
    <subfield code="r">2017-12-05</subfield>
    <subfield code="w">2017-12-01</subfield>
    <subfield code="y">AFRICANA</subfield>
  </datafield>
  <datafield tag="952" ind1=" " ind2=" ">
    <subfield code="0">0</subfield>
    <subfield code="1">0</subfield>
    <subfield code="2">lcc</subfield>
    <subfield code="4">0</subfield>
    <subfield code="7">0</subfield>
    <subfield code="a">MUC</subfield>
    <subfield code="b">MUC</subfield>
    <subfield code="c">AFR</subfield>
    <subfield code="d">2017-09-04</subfield>
    <subfield code="e">purchase</subfield>
    <subfield code="o">HC 865 .Z65I87 2000</subfield>
    <subfield code="p">40050</subfield>
    <subfield code="r">2024-09-10</subfield>
    <subfield code="w">2015-10-26</subfield>
    <subfield code="y">AFRICANA</subfield>
  </datafield>
  <datafield tag="952" ind1=" " ind2=" ">
    <subfield code="0">0</subfield>
    <subfield code="1">0</subfield>
    <subfield code="2">lcc</subfield>
    <subfield code="4">0</subfield>
    <subfield code="7">0</subfield>
    <subfield code="a">MUC</subfield>
    <subfield code="b">MUC</subfield>
    <subfield code="c">AFR</subfield>
    <subfield code="d">2017-09-04</subfield>
    <subfield code="e">purchase</subfield>
    <subfield code="o">HC 865 .Z65I87 2000</subfield>
    <subfield code="p">40051</subfield>
    <subfield code="r">2024-09-10</subfield>
    <subfield code="w">2015-10-26</subfield>
    <subfield code="y">AFRICANA</subfield>
  </datafield>
  <datafield tag="952" ind1=" " ind2=" ">
    <subfield code="0">0</subfield>
    <subfield code="1">0</subfield>
    <subfield code="2">lcc</subfield>
    <subfield code="4">0</subfield>
    <subfield code="7">0</subfield>
    <subfield code="a">MUC</subfield>
    <subfield code="b">MUC</subfield>
    <subfield code="c">AFR</subfield>
    <subfield code="d">2017-09-04</subfield>
    <subfield code="e">purchase</subfield>
    <subfield code="o">HC 865 .Z65I87 2000</subfield>
    <subfield code="p">40052</subfield>
    <subfield code="r">2024-09-10</subfield>
    <subfield code="w">2015-10-26</subfield>
    <subfield code="y">AFRICANA</subfield>
  </datafield>
  <datafield tag="952" ind1=" " ind2=" ">
    <subfield code="0">0</subfield>
    <subfield code="1">0</subfield>
    <subfield code="2">lcc</subfield>
    <subfield code="4">0</subfield>
    <subfield code="7">0</subfield>
    <subfield code="a">MUC</subfield>
    <subfield code="b">MUC</subfield>
    <subfield code="c">AFR</subfield>
    <subfield code="d">2017-09-04</subfield>
    <subfield code="e">purchase</subfield>
    <subfield code="o">HC 865 .Z65I87 2000</subfield>
    <subfield code="p">40053</subfield>
    <subfield code="r">2025-12-16</subfield>
    <subfield code="w">2015-10-26</subfield>
    <subfield code="y">AFRICANA</subfield>
  </datafield>
</record>
